000 01223nam a22002537a 4500
001 3606
003 FISKH
005 20240325142754.0
008 240325b cb ||||| |||| 00| 0 eng d
040 _aFISK
_beng
_cFISK
_dFISK
050 _aPZ7.C83535
082 _a823.92
100 _aCowell Cressida
_d1966-
245 _aA Hero's guide to deadly dragons /
_cCressida Cowell
260 _aBritain :
_bHodder Children's Books,
_c2007
300 _a199 pages :
_billustrations,
_c21 cm
490 _3How to train your dragon
_aBook 6
505 _aU
520 _aIt's Hiccup's birthday, but that's not going to keep him from getting into trouble. To save his dragon, Toothless, from being banished, Hiccup must sneak into the Meathead Public Library and steal the Viking's most sacred book. But the Vikings see books as a dangerous influence, and keep them locked up and under heavy guard. To save his friend, Hiccup must brave the Hairy Scary Librarian and his dreadful army of Meathead Warriors and face off against the formidable Driller-Dragons. Will he make it out and live to see his next birthday?
521 8 _a980
_bLexile
700 _aCressida Cowell
942 _2ddc
_cBK
_n0
999 _c3606
_d3606